000 01096nam a2200301 i 4500
003 DO-SdBNP
005 20250523095339.0
007 ta
008 250523b2024 dr ||||| |||| 00| 0 spa d
020 _a9789945639407
040 _aDO-SdBNP
_bspa
_cBNPHU
_erda
041 _aspa
082 4 _axxx
_bF438c
_222
100 1 _aFiallo, Fabio,
_d1866-1942
_eautor
_4aut.
_934816
245 1 0 _aCanciones de la tarde /
_cFabio Fiallo ; prólogo de Ofelia Berrido.
264 4 _aSanto Domingo :
_bInstituto Superior de Formación Docente Salome Ureña,
_c2024.
300 _a132 páginas ;
_c23 cm.
336 _atexto
_btxt
_2rdacontent
337 _asin mediación
_bn
_2rdamedia
338 _avolumen
_bnc
_2rdacarrier
490 _aColección clásicos dominicanos. Serie III. Poesía
500 _aIncluye datos biográficos del autor en la solapa de la cubierta.
505 _aLas flechas de eros -- El cinto de venus -- La rueca de Onfalia -- La flauta de pan.
590 _aInventariado, 2025 /LP
700 1 _aBerrido, Ofelia
_eprologuista
_4pr.
_924626
910 _aLP
942 _2ddc
_cLBS1
999 _c58519
_d58519